000 00724nam a2200241Ia 4500
003 OSt
005 20221006165200.0
006 a|||||r|||| 00| 0
007 ta
008 221006b |||||||| |||| 00| 0 hin d
024 _a4,317
037 _cTextual
040 _aFML
_cFML
_bhin
041 _2hin
_ahin
082 _aNR44, 16, N4
100 _aGohadkar Prabhakar Au.
_9679265
245 0 _aPandit Raja Bhaiya Poochwale Swarang Darshan
260 _aGwalior
_bRavindra Sangeet Mahavidyalaya India
_c1999
300 _a224
_ccm.
700 _a Poochwale Bala Saheb Au.
_9679266
942 _hNR44, 16, N4
_cTEXL
_2CC
999 _c1119915
_d1119915